| 000 | 01461cab a2200193 4500 | ||
|---|---|---|---|
| 001 | ##L131229 | ||
| 008 | 051007n2005 000 0 eng u | ||
| 035 | _a(Sirsi) u131229 | ||
| 041 | 0 | _aeng | |
| 100 | 1 | _aMinogue, Ann | |
| 245 | 0 | 0 | _aSimple and flexible or long and complex ? |
| 260 | 3 | _c2005 | |
| 490 |
_aEstates Gazette _v(0539) 1 October 2005, 128-130(3) |
||
| 520 | _aExamines the new consultancy agreement produced by the British Property Federation (BPF) in association with Workplace Law Group after almost a decade of preparatory work. The BPF Consultancy Agreement enters a market where many different forms of consultancy agreements are already available to developers but these are normally drawn in favour of the consultant and do not take into account the requirements of funders. Looks at the background of the BPF Consultancy Agreement and the detailed terms of the agreement. Points out that the new agreement does not include a net contribution clause nor does it include a cap on the consultant's liability for breach. Concludes that the BPF agreement represents an excellent starting point for construction industry clients intending to use two-stage design-and-build procurement routes and a brave attempt at introducing standardisation into a market place dominated by custom-drafted documents. | ||
| 590 | _aIKA111005 | ||
| 650 | 2 | 4 | _aBPF CONSULTANCY AGREEMENT |
| 690 | _aBUILT ENVIRONMENT-BUILDING CONTRACT FORMS | ||
| 942 | _n0 | ||
| 999 |
_c75992 _d75992 |
||